[Event "Turkey IS Bank Super League 2017"]
[Site "Darica-Kocaeli"]
[Date "2017.08.03"]
[Round "9"]
[White "Tari, Aryan"]
[Black "Samani, Yamac"]
[Result "1-0"]
[WhiteElo "2595"]
[BlackElo "2263"]
[Annotator "TA"]
[PlyCount "63"]
[EventType "team-tourn"]
[EventCountry "TUR"]
[SourceTitle "playchess.com"]
[Source "ChessBase"]
[SourceQuality "1"]

{[%evp 31,63,63,59,23,50,42,51,0,73,-4,0,-85,-64,-166,-163,-150,-156,-154,-85,-70,42,54,100,98,210,215,215,203,213,237,214,233,667,656]} 1. e4 c5 2. Nf3 d6 3. d4 cxd4 4. Nxd4 Nf6 5. Nc3 g6 6. Be3 Bg7 7. f3 O-O 8. Qd2 Nc6 9. O-O-O d5 10. Qe1 e5 11. Nxc6 bxc6 12. exd5 Nxd5 13. Bc4 Be6 14. Kb1 {B76: Sicilian Dragon: Yugoslav Attack, 9 g4 and 9 0-0-0} Rb8 (14... Re8 15. h4 Qc7 16. Nxd5 cxd5 17. Bxd5 Bxd5 18. Rxd5 e4 19. fxe4 Rxe4 20. Qd2 Bxb2 21. Kxb2 Qb7+ {½-½ (54) Navara,D (2735)-Edouard,R (2641) Drancy 2016}) 15. Ne4 Qc7 16. Bc5 Rfd8 {LiveBook: 8 Games} 17. Ba3 $146 ({Predecessor:} 17. g4 h6 18. Bb3 a5 19. h4 a4 20. Bxa4 f5 21. Nf2 Rxb2+ 22. Kxb2 {0-1 (29) Bakhmatsky,V (2454)-Golubev,M (2476) Lvov 2017}) 17... Qb6 18. Bb3 a5 {[%cal Ba7a5,Ba5a4][%mdl 32]} 19. Qh4 (19. Bc5 $14 Qc7 20. Qd2) 19... h6 (19... a4 $1 $11 {remains equal.} 20. Ng5 h5 21. Qxa4 (21. Nxe6 axb3 22. Nxd8 bxc2+ 23. Kxc2 Bf8 $11) 21... Ra8) 20. Bc5 ({Better is} 20. Nc5 $1 $16) 20... Qc7 $11 21. Ba3 {[#]} (21. Qg3 $11 {keeps the balance.}) 21... a4 $1 $17 {[%cal Ra4b3][%mdl 512]} 22. Bc4 {[#]} (22. Bxa4 $15 f5 23. c4) 22... Qb6 $1 $19 {aiming for ...Bf8.} 23. Rd3 Bf8 {And now ...Bxa3 would win.} 24. Qf2 {[#]} Qxf2 (24... Bxa3 $142 $1 {[%csl Ga3,Gb8][%cal Rb6b2]} 25. Qxb6 Nxb6 26. Rxd8+ Rxd8 27. Bxe6 Be7) 25. Nxf2 $17 Bxa3 ({Black should play} 25... Bf5 $1 $15 26. Ne4 Bxa3 27. Rxa3 Rb4) 26. Rxa3 $14 Nf4 27. Bxe6 fxe6 (27... Nxe6 $16 28. Rxa4 Rd2) 28. Rxa4 $18 Rd2 29. Ng4 Rbd8 {( -> ...Rd1+)} 30. a3 Rxg2 31. Nxe5 Rdd2 $2 (31... Nd5 32. Rg4 (32. Nxc6 Rc8 $18) 32... Rxg4 33. fxg4 Ne7) 32. Rxf4 {Precision: White = 45%, Black = 38%.} 1-0

[Event "Turkey IS Bank Super League 2017"]
[Site "Darica-Kocaeli"]
[Date "2017.08.03"]
[Round "9"]
[White "Mamedov, Nidjat"]
[Black "Kravtsiv, Martyn"]
[Result "1/2-1/2"]
[WhiteElo "2589"]
[BlackElo "2657"]
[Annotator "TA"]
[PlyCount "92"]
[EventType "team-tourn"]
[EventCountry "TUR"]
[SourceTitle "playchess.com"]
[Source "ChessBase"]
[SourceQuality "1"]

{[%evp 22,92,13,11,13,13,16,16,12,12,17,16,17,14,19,16,14,14,16,6,7,0,14,13,21,20,22,8,12,10,10,6,8,0,0,0,0,0,0,-8,-4,-11,0,0,0,0,0,-7,-7,-6,-15,-6,0,-16,-4,-34,-44,-37,-39,-29,-33,-33,-28,-28,-16,-12,-9,-12,0,0,0,0,0]} 1. e4 e5 2. Nf3 Nc6 3. Bb5 a6 4. Ba4 Nf6 5. O-O Be7 6. Re1 b5 7. Bb3 O-O 8. a4 b4 9. d4 d6 10. dxe5 Nxe5 11. Nxe5 {C88: Closed Ruy Lopez: Anti-Marshall Systems} dxe5 12. Qf3 {LiveBook: 19 Games} (12. Qxd8 Rxd8 13. Nd2 Bc5 14. Nf3 Re8 15. Be3 Bxe3 16. Rxe3 h6 17. Rd1 Be6 18. Kf1 Kf8 {½-½ (30) Adams,M (2747)-Tomashevsky,E (2696) Moscow 2017}) 12... Bc5 13. Nd2 $146 {[%cal Bb1d2,Bd2c4,Bc4e5,Be5d3][%mdl 32]} ({Predecessor:} 13. Be3 Qe7 14. Nd2 Bb7 15. Bg5 h6 16. Bh4 Rad8 17. Nf1 g5 18. Bg3 Bc8 {1-0 (89) Hovhannisyan,R (2612)-Pridorozhni,A (2533) St Petersburg 2012}) 13... Ng4 14. Rf1 $1 Qh4 {[%csl Gg4][%cal Rh4h2] [#]} 15. h3 Nf6 16. Nc4 Be6 17. Nxe5 Bxb3 18. Qxb3 Qxe4 19. Nd3 Bd6 20. Bg5 Nd5 21. Rfe1 Qf5 22. Bd2 a5 23. Qc4 Nb6 24. Qc6 b3 25. Qc3 bxc2 26. Qxc2 c5 27. Rec1 Rfe8 28. Ne1 Qxc2 29. Rxc2 Re4 30. b3 c4 31. bxc4 Rxc4 32. Rxc4 Nxc4 33. Bc3 Bb4 34. Rc1 {[#] And now Bxb4 would win.} Bxc3 35. Rxc3 $11 {[%mdl 4096] Endgame KRN-KRN} Nb6 36. Ra3 Rc8 37. Nd3 g6 38. Nb2 (38. Rb3 $5 {[%cal Rb3b6]} Nxa4 39. Ra3 $11) 38... Rc1+ 39. Kh2 Nc4 40. Nd3 Rc2 41. Rb3 Ra2 42. Rc3 $1 {[%cal Rc3c4]} Nb6 43. Rc6 {The position is equal.} Nxa4 44. f4 Re2 (44... f6 $5) 45. Ra6 Nb2 46. Nxb2 Rxb2 {Precision: White = 69%, Black = 79%.} 1/2-1/2

[Event "Turkey IS Bank Super League 2017"]
[Site "Darica-Kocaeli"]
[Date "2017.08.03"]
[Round "9"]
[White "Can, Emre"]
[Black "Krasenkow, Michal"]
[Result "1-0"]
[WhiteElo "2586"]
[BlackElo "2630"]
[Annotator "TA"]
[PlyCount "95"]
[EventType "team-tourn"]
[EventCountry "TUR"]
[SourceTitle "playchess.com"]
[Source "ChessBase"]
[SourceQuality "1"]

{[%evp 20,95,22,19,19,12,20,11,16,-12,-11,-13,-17,-22,-22,-41,-42,-79,-75,-74,-71,-95,-78,-56,-60,-71,-65,-54,-50,-54,0,0,-8,-35,-33,-32,-29,-21,-22,-91,-93,-87,-101,-85,0,0,0,0,0,0,124,123,130,121,111,141,112,135,256,266,267,253,223,241,232,230,420,415,786,655,1650,1672,1656,1612,1367,1318,1293,544]} 1. Nf3 d5 2. g3 g6 3. Bg2 Bg7 4. d4 Nf6 5. c4 c6 6. cxd5 cxd5 7. Nc3 O-O 8. Ne5 e6 9. O-O Nfd7 10. Nf3 Nc6 11. b3 Nf6 {[%cal Bd7f6,Bf6g4,Bg4e5,Be5f3,Bf3d2][%mdl 32] D79: Fianchetto Grünfeld: Symmetrical Variation (6 0-0 c6 7 cxd5 cxd5)} 12. Bb2 (12. Ba3 Re8 13. Qd3 Qa5 14. Bb2 Bd7 15. a3 Rec8 16. Rfc1 Qd8 17. b4 Be8 18. Rc2 Ne7 19. Rac1 {0-1 (32) Sarana,A (2510)-Artemiev,V (2695) Sochi 2017}) 12... Bd7 13. Rc1 Qa5 {[#] The position is equal.} 14. Ne5 $146 ({Predecessor:} 14. a3) 14... Nxe5 15. dxe5 Ng4 16. e4 d4 17. Qxd4 Rfd8 18. b4 Qa6 {...Be8 is the strong threat.} 19. Rfd1 (19. f4 $2 Bc6 $19) 19... Nxe5 ({Don't play} 19... Bxe5 $6 20. Qd2 $11) 20. b5 Qa5 21. Qc5 Be8 {And now ...Rac8 would win.} 22. Bf1 Nf3+ 23. Kg2 Nd2 24. Be2 Nxe4 25. Nxe4 Bxb2 26. Rc2 Bg7 ({Not} 26... Qxa2 $2 27. Nf6+ $1 {[%mdl 512]} Kg7 28. Nxe8+ Rxe8 29. Qb4 $18) 27. Rxd8 Qxd8 28. Qc7 b6 29. Bf3 (29. f4 $11 {remains equal.}) 29... Qxc7 $17 ({Stronger than} 29... Bxb5 30. Nd6 $16) 30. Rxc7 Rd8 31. a4 Rd7 ({Black should try} 31... h6 $17 {aiming for ...f5.} 32. g4 f5) 32. Rc8 $11 Kf8 33. Ng5 $1 {Black must now prevent Bc6.} Ke7 34. Bc6 Rd8 (34... h6 $1 $11 {keeps the balance.} 35. Ne4 f5) 35. Rc7+ $16 Kd6 36. Rxa7 Bxc6+ 37. bxc6 Kxc6 38. Rxf7 Rd7 {[#]} (38... Ba1 $16) 39. Rxd7 $1 $18 Kxd7 40. Nxh7 {[%mdl 4096] Endgame KB-KN} Kc6 {[#]} 41. Kf3 $1 Kc5 42. Ng5 Kb4 $2 (42... Kd5 {keeps fighting.} 43. Ne4 Ke5) 43. Nxe6 Bh6 (43... Ba1 $142 44. Nf4 Kxa4 45. Nxg6 b5) 44. Nf4 {White is clearly winning.} Kxa4 45. Nxg6 b5 46. Ne5 b4 47. Nd3 b3 48. Ke4 {Precision: White = 71%, Black = 58%.} (48. h4 $142 Kb5 49. Ke4) 1-0

[Event "Turkey IS Bank Super League 2017"]
[Site "Darica-Kocaeli"]
[Date "2017.08.03"]
[Round "9"]
[White "Pantsulaia, Levan"]
[Black "Korobov, Anton"]
[Result "1/2-1/2"]
[WhiteElo "2585"]
[BlackElo "2668"]
[Annotator "TA"]
[PlyCount "80"]
[EventType "team-tourn"]
[EventCountry "TUR"]
[SourceTitle "playchess.com"]
[Source "ChessBase"]
[SourceQuality "1"]

{[%evp 19,80,6,0,8,29,29,41,41,42,40,52,42,51,51,60,13,13,13,25,0,0,0,0,0,0,2,34,0,20,-22,-12,-117,-115,-147,-137,-105,-102,-64,0,0,0,0,0,-80,-65,-56,0,0,0,0,0,0,0,0,0,0,0,0,0,0,0,0,0]} 1. c4 e5 2. Nc3 Nf6 3. Nf3 Nc6 4. e4 Bb4 5. d3 d6 6. a3 {A28: English Opening: Four Knights Variation} Bc5 7. b4 Bb6 8. Na4 Bg4 9. Nxb6 axb6 10. Bb2 Nd7 {LiveBook: 4 Games} 11. Be2 O-O 12. O-O Re8 13. Nd4 Nxd4 $146 ({Predecessor:} 13... Bxe2 14. Nxe2 {1-0 (56) Ghaem Maghami,E (2570)-Tari,A (2499) Urmia 2015}) 14. Bxg4 Nf6 15. Bh3 c6 16. f4 b5 17. cxb5 {next Bxd4 is good for White.} (17. Bxd4 $5 exd4 18. cxb5 $14) 17... Qb6 18. bxc6 Nc2+ 19. Kh1 Nxa1 20. cxb7 Qxb7 21. Qxa1 {[%cal Rf4e5]} Qb5 22. Qd1 Ra6 23. Qf3 Re7 24. g4 exf4 25. Qxf4 (25. Rf2 $11 {keeps the balance.}) 25... Qxd3 $17 26. Bxf6 gxf6 27. Bg2 Qd4 28. g5 f5 (28... Kh8 $15) 29. Qc1 $11 {[#] Strongly threatening Qc8+.} Ra8 30. exf5 Rae8 31. f6 (31. Bc6 $11 {remains equal.}) 31... Re3 $17 32. b5 Kh8 (32... d5 $15) 33. g6 $11 {The position is equal.} hxg6 {[#]} 34. b6 $1 $36 {[%mdl 2560] White has good play.} Kg8 (34... Qxb6 35. Qc4) 35. b7 Qe5 36. Qc7 Re1 {Hoping for ...Rxf1+.} 37. b8=Q {aiming for Qxf7+!} Rxf1+ $1 38. Bxf1 Qe4+ 39. Kg1 Qe3+ 40. Kg2 Qe4+ {Precision: White = 65%, Black = 58%.} 1/2-1/2

[Event "Turkey IS Bank Super League 2017"]
[Site "Darica-Kocaeli"]
[Date "2017.08.03"]
[Round "9"]
[White "Abasov, Nijat"]
[Black "Markus, Robert"]
[Result "1/2-1/2"]
[WhiteElo "2577"]
[BlackElo "2672"]
[Annotator "TA"]
[PlyCount "86"]
[EventType "team-tourn"]
[EventCountry "TUR"]
[SourceTitle "playchess.com"]
[Source "ChessBase"]
[SourceQuality "1"]

{[%evp 19,86,33,30,10,18,23,17,11,13,10,13,25,18,14,16,0,0,0,0,0,0,0,7,0,0,0,0,0,0,8,2,0,0,0,0,0,0,0,0,0,0,0,0,0,0,0,6,4,4,4,2,0,6,0,6,0,29,0,0,0,0,0,0,0,0,0,0,0,0]} 1. e4 Nf6 2. e5 Nd5 3. d4 d6 4. Nf3 dxe5 5. c4 Nf6 6. Nxe5 Nbd7 7. Nf3 e6 8. Be2 Be7 9. O-O O-O 10. Nc3 c5 {LiveBook: 8 Games} 11. Qc2 {B04: Alekhine's Defence: 4 Nf3} (11. Bf4 a6 12. dxc5 Bxc5 13. a3 b6 14. b4 Be7 15. Qb3 Bb7 16. Rfd1 Qc8 17. Rd2 Rd8 18. Rad1 Nf8 {1-0 (58) Kupreichik,V (2466)-Feygin,M (2475) Germany 2003}) 11... b6 $146 ({Predecessor:} 11... cxd4 12. Nxd4 a6 13. Re1 Qc7 14. b3 b6 15. Bf3 Bb7 16. Bb2 Rac8 17. Qe2 {½-½ (17) Nedimovic,L-Ursic,M Nova Gorica 1997}) 12. Bf4 cxd4 13. Nxd4 {[#] Black must now prevent Nc6.} Bb7 14. Bg3 a6 15. a3 Nc5 16. Rfd1 {Hoping for Nf5.} Qc8 17. Bf3 (17. b4 $5 {[%cal Rb4c5]} Nce4 18. Nxe4 Bxe4 19. Qc3 $11) 17... Bxf3 18. Nxf3 Qb7 19. Rd4 Rfd8 20. Rad1 h6 (20... Nce4 $5) 21. Ne5 Rxd4 22. Rxd4 Rd8 23. Rxd8+ Bxd8 24. b4 Ncd7 25. h3 Be7 26. Nxd7 Nxd7 27. Qd3 Qc6 28. b5 axb5 29. cxb5 Qb7 30. Bd6 Nc5 31. Qg3 Bxd6 32. Qxd6 g6 33. a4 Qa7 34. Qd8+ Kh7 35. Qd4 f5 36. Qd6 g5 37. Ne2 Kg6 38. Nd4 Qxa4 {The position is equal.} 39. Qd8 ({Wrong is} 39. Nxe6 $2 Qa1+ 40. Kh2 Qf6 $19) 39... Qd1+ 40. Kh2 Qd2 41. Qg8+ Kf6 42. Qf8+ Kg6 {[#] And now ...Qf4+ would win.} 43. Qg8+ Kf6 {Precision: White = 72%, Black = 70%.} 1/2-1/2

[Event "Turkey IS Bank Super League 2017"]
[Site "Darica-Kocaeli"]
[Date "2017.08.03"]
[Round "9"]
[White "Rozum, Ivan"]
[Black "Anton Guijarro, David"]
[Result "1/2-1/2"]
[WhiteElo "2573"]
[BlackElo "2654"]
[Annotator "TA"]
[PlyCount "103"]
[EventType "team-tourn"]
[EventCountry "TUR"]
[SourceTitle "playchess.com"]
[Source "ChessBase"]
[SourceQuality "1"]

{[%evp 23,103,24,30,19,21,19,23,11,34,33,34,34,35,24,27,16,18,18,19,21,68,56,59,16,22,30,18,15,15,25,40,18,12,5,9,10,16,13,15,0,0,6,40,40,40,40,40,40,40,40,43,1,45,26,44,22,40,40,41,26,32,0,44,20,40,40,48,29,40,40,40,40,40,40,40,40,40,40,40,41,48,62]} 1. d4 Nf6 2. c4 e6 3. Nf3 b6 4. g3 Bb7 5. Bg2 Be7 6. O-O O-O 7. Re1 c5 8. d5 {E17: Queen's Indian: 4 g3 Bb7 5 Bg2 Be7} exd5 9. Nh4 Ne4 10. cxd5 Bxh4 11. Bxe4 Bf6 12. Nc3 d6 {LiveBook: 47 Games} 13. Qc2 (13. Bf4 Qe7 14. Qc2 h6 15. Bh7+ Kh8 {1-0 (52) Ma,Q (2637)-Zhao,J (2624) Beijing 2017}) 13... h6 14. Bf4 Na6 15. Bg2 Re8 16. Nb5 $146 Be7 17. e4 Nc7 18. Nc3 Bf6 19. Rad1 Rb8 20. a3 a5 21. Bf1 g5 22. Bd2 Bc8 23. Nb5 Nxb5 24. Bxb5 Bd7 25. Bxd7 Qxd7 26. Bc3 Bg7 27. Bxg7 Kxg7 28. Re3 {[%cal Be1e3,Be3f3,Bf3f4,Bf4g4][%mdl 32]} f6 29. f4 Re7 30. Rf1 Rf8 31. Qc3 a4 32. Ref3 {[#] fxg5 is the strong threat.} gxf4 33. Rxf4 Re5 $1 34. Qf3 {[%cal Rf4f6]} Qe7 35. Rg4+ Kh7 36. Rh4 b5 37. Qd3 c4 (37... f5 $5) 38. Qd2 Rg5 39. Rhf4 Kg7 40. R1f2 Re5 41. Rg4+ (41. Rh4 $5 {[%cal Rd2h6]} h5 42. Qd4 $14) 41... Rg5 42. Rgf4 Re5 43. Qb4 Qd7 44. Qc3 Qe7 45. Qf3 Rf7 46. h4 {White is slightly better.} Rf8 47. g4 Rf7 48. Kg2 Rf8 49. Kf1 Rf7 50. Kg1 Rf8 51. Kg2 Rf7 52. Kf1 {Precision: White = 48%, Black = 73%.} 1/2-1/2

[Event "Turkey IS Bank Super League 2017"]
[Site "Darica-Kocaeli"]
[Date "2017.08.03"]
[Round "9"]
[White "Sanal, Vahap"]
[Black "Agdelen, Huseyin Can"]
[Result "1-0"]
[WhiteElo "2533"]
[BlackElo "2309"]
[Annotator "TA"]
[PlyCount "71"]
[EventType "team-tourn"]
[EventCountry "TUR"]
[SourceTitle "playchess.com"]
[Source "ChessBase"]
[SourceQuality "1"]

{[%evp 25,71,0,2,0,0,-6,20,0,14,0,0,-32,-6,-34,0,-48,-16,-40,0,0,16,11,28,0,29,-14,0,-1,0,0,0,0,0,0,25,21,509,520,600,595,602,602,599,594,572,566,602,602]} 1. Nf3 d5 2. g3 g6 3. Bg2 Bg7 4. d4 Nf6 5. O-O O-O 6. Nbd2 c5 7. e3 Nc6 8. b3 Ne4 9. Bb2 Bg4 {A05: Réti Opening: 1 Nf3 Nf6} (9... Qa5 10. Nxe4 dxe4 11. Ne5 Nxe5 12. dxe5 Rd8 13. Qe1 Qc7 14. Bxe4 Bh3 15. Bg2 Bxg2 16. Kxg2 Bxe5 17. Bxe5 Qxe5 {½-½ (47) Moussard,J (2576)-Fridman,D (2594) chess.com INT 2017}) 10. h3 Nxd2 11. Qxd2 Bxf3 12. Bxf3 cxd4 13. exd4 e6 {LiveBook: 4 Games} 14. Rad1 Rc8 15. Rfe1 Qd7 $146 ({Predecessor:} 15... b5 16. Be2 Qb6 17. c3 Rc7 18. Ba3 b4 19. Bxb4 Nxb4 20. cxb4 Rfc8 21. Bd3 Bxd4 22. Qf4 e5 {0-1 (22) Rago,S (2285)-Horak,J (2207) IECG email 2003}) 16. Kg2 Rc7 17. Be2 Rfc8 18. g4 Qe7 19. a3 Qh4 20. Qe3 Ne7 21. c3 {[%cal Bc2c3,Bc3c4][%mdl 32]} Bh6 {[%cal Bg7h6,Bh6g5,Bg5f4][%mdl 32]} 22. Qf3 Bg5 23. c4 Qh6 24. c5 Rf8 25. Bb5 Bf4 26. h4 g5 27. hxg5 Qxg5 {White must now prevent ...f5.} 28. Rh1 {[#] Hoping for Rh5.} Ng6 29. Rdg1 f5 30. Kf1 $36 {[%mdl 2048] Threatens to win with gxf5. Black is under pressure.} Rcf7 $2 {[%mdl 8192]} (30... Bd2 $11) 31. gxf5 $18 {White is clearly winning.} Qxf5 32. Bd3 Qf6 {[#]} 33. Rxh7 $1 {[%mdl 512]} Rxh7 34. Rxg6+ Qxg6 35. Bxg6 Rg7 36. Bc2 {Precision: White = 50%, Black = 29%.} 1-0

[Event "Turkey IS Bank Super League 2017"]
[Site "Darica-Kocaeli"]
[Date "2017.08.03"]
[Round "9"]
[White "Esen, Baris"]
[Black "Heberla, Bartlomiej"]
[Result "1/2-1/2"]
[WhiteElo "2528"]
[BlackElo "2577"]
[Annotator "TA"]
[PlyCount "102"]
[EventType "team-tourn"]
[EventCountry "TUR"]
[SourceTitle "playchess.com"]
[Source "ChessBase"]
[SourceQuality "1"]

{[%evp 16,102,0,-4,2,0,-10,0,0,0,0,0,0,0,0,0,0,-11,0,-3,-10,-16,0,0,0,0,0,-13,-8,-72,-81,-62,-6,-6,-6,-1,0,-14,-14,-14,37,39,62,0,0,0,0,0,0,0,0,0,0,0,0,0,0,0,36,26,47,0,0,0,0,0,0,0,0,0,0,0,0,0,0,0,0,0,0,0,0,0,0,0,0,0,0,0,0]} 1. Nf3 Nf6 2. c4 e6 3. g3 a6 4. Bg2 b5 5. b3 c5 6. O-O Bb7 7. Bb2 Be7 8. d3 O-O 9. Nbd2 Nc6 {A13: English Opening: 1...e6} 10. e3 Qb6 11. a3 bxc4 $146 ({Predecessor:} 11... Rfd8 12. Qc2 Rac8 13. Rac1 d6 14. Rfd1 Qa7 15. Qb1 Qa8 16. e4 Rb8 17. Re1 {0-1 (51) Vadasz,L (2495)-Romanishin,O (2595) Tallinn 1977}) 12. Nxc4 Qa7 13. e4 d5 14. exd5 Nxd5 15. Rc1 Rfd8 16. Qe2 Bf6 17. Nce5 Rac8 18. Rc4 Nxe5 19. Nxe5 Ne7 20. Be4 Nf5 21. Rfc1 Nd6 {...Bxe4 is the strong threat.} 22. Ra4 (22. Bxb7 $11 {keeps the balance.} Qxb7 23. Rxc5 Qxb3 24. d4) 22... Nxe4 23. dxe4 Bxe5 (23... Qb6 $15) 24. Bxe5 $11 f6 25. Bc3 Bc6 26. Rxa6 Qb7 {[#] And now ...Bb5 would win.} 27. a4 Bxe4 ({Black should play} 27... c4 $11 28. Qxc4 Bd5) 28. Rxe6 $14 Bh1 {[%csl Gh1][%cal Rb7g2]} 29. Qf1 (29. f4 $14) 29... Qxb3 $11 30. Re3 Ba8 31. a5 Re8 {Strongly threatening ...Rxe3.} (31... Qd5 $5 32. f3 $8 Bc6 $11) 32. Rce1 Rxe3 33. Rxe3 Rd8 34. Be1 Qd5 {[%csl Ga8][%cal Rd5h1] [#]} 35. f3 h6 36. Qe2 Qd4 37. Kg2 Bc6 38. Re6 Rb8 {The position is equal.} 39. Rxc6 Rb2 40. Qxb2 Qxb2+ {[%mdl 4096] Endgame KQ-KRB} 41. Bf2 Qb5 42. Rxc5 Qa6 43. h4 Kh7 44. h5 Qa8 45. g4 Qa6 46. Rf5 Qe2 47. Kg3 Qd3 48. Bb6 Qd6+ 49. Kg2 Qd2+ 50. Bf2 Qe2 51. Rf4 Qa2 {Precision: White = 76%, Black = 73%.} 1/2-1/2

[Event "Turkey IS Bank Super League 2017"]
[Site "Darica-Kocaeli"]
[Date "2017.08.03"]
[Round "9"]
[White "Vorontsov, Pavlo"]
[Black "Mchedlishvili, Mikheil"]
[Result "1/2-1/2"]
[WhiteElo "2510"]
[BlackElo "2602"]
[Annotator "TA"]
[PlyCount "135"]
[EventType "team-tourn"]
[EventCountry "TUR"]
[SourceTitle "playchess.com"]
[Source "ChessBase"]
[SourceQuality "1"]

{[%evp 31,135,-13,0,0,0,-57,-40,-54,0,0,0,0,27,27,27,27,27,0,27,27,27,27,27,27,37,27,98,27,27,27,27,0,27,12,13,14,27,12,27,12,27,0,0,0,27,12,27,0,27,0,27,20,27,27,27,9,29,17,17,17,25,17,17,17,17,0,17,17,36,17,17,17,17,18,42,33,33,25,25,25,72,72,71,0,49,49,49,49,50,25,38,25,26,0,0,0,26,26,26,8,19,10,26,0,26,0]} 1. d4 Nf6 2. c4 g6 3. Nc3 d5 4. cxd5 Nxd5 5. e4 Nxc3 6. bxc3 Bg7 7. Nf3 c5 8. Be3 Qa5 9. Qd2 O-O 10. Rc1 Rd8 11. d5 e6 12. c4 {D85: Exchange Grünfeld: Unusual White 7th moves and lines with 7 Nf3} (12. d6 Qa4 13. h4 Qxe4 14. h5 Qd5 15. Qc2 Rxd6 16. hxg6 hxg6 17. Ng5 Nc6 18. Ne4 Rd7 19. Bg5 Bxc3+ 20. Qxc3 Qxe4+ {0-1 (40) Harikrishna,P (2750)-Svidler,P (2755) Moscow 2017}) 12... Qxd2+ 13. Nxd2 b6 14. Be2 Na6 {[%cal Bb8a6,Ba6b4,Bb4a2,Ba2c3][%mdl 32]} 15. O-O Nb4 16. a3 Na2 {LiveBook: 28 Games} 17. Rc2 Nc3 18. Bd3 (18. Bf3 $11) 18... Ba6 $1 $15 {[%cal Re6d5]} 19. Bg5 exd5 (19... Rd7 $15 20. Nb1 Na4) 20. Bxd8 $11 {[#] Strongly threatening Bg5.} dxe4 $146 ({Predecessor:} 20... Rxd8 21. exd5 Nxd5 {0-1 (53) Bercys,S (2421)-Fedorowicz,J (2470) Tulsa 2008}) 21. Bf6 Bxf6 22. Nxe4 Nxe4 23. Bxe4 Rd8 24. Re1 Kf8 25. Bd5 Bc8 26. a4 Bd7 27. Ra2 Be8 28. g3 a6 (28... Rd6 $11) 29. Bb7 (29. a5 $16 bxa5 30. Rb1 (30. Rxa5 Bc3 $11)) 29... a5 30. Rb1 Rd6 31. Ra3 Bd7 32. Bd5 Bf5 33. Re1 Bd7 34. Kg2 h5 35. h3 Bd4 36. Rf3 Bf6 37. Ra3 $1 Bd4 38. Re2 Bf6 39. f3 Bg5 40. Re4 Bf5 41. Re5 Bf6 42. Re2 Bd7 43. g4 hxg4 44. fxg4 g5 45. Rf2 Kg7 46. Rf1 Be8 47. Re1 Kf8 48. Rf1 Kg7 49. Kf3 Bb2 50. Ra2 Bd4 51. Ke2 Be5 52. Ra3 Bd4 53. Rb3 Bf6 $1 54. Rfb1 Bd8 $1 55. Ra3 Bd7 56. Rf1 Bf6 57. Rb1 (57. Kd2 $16) 57... Be8 58. Kd3 Be5 59. Re1 f6 60. Ke2 Bg6 61. Kf3 Bc2 62. Ra2 Bb3 63. Ra3 Bc2 64. Kg2 Bg6 65. Re2 Be8 66. Kf3 Bg6 67. Kg2 Be8 68. Kf3 {Precision: White = 29%, Black = 46%.} 1/2-1/2

[Event "Turkey IS Bank Super League 2017"]
[Site "Darica-Kocaeli"]
[Date "2017.08.03"]
[Round "9"]
[White "Sadikhov, Ulvi"]
[Black "Uzumcu, Ahmet Utku"]
[Result "1-0"]
[WhiteElo "2494"]
[BlackElo "2223"]
[Annotator "TA"]
[PlyCount "105"]
[EventType "team-tourn"]
[EventCountry "TUR"]
[SourceTitle "playchess.com"]
[Source "ChessBase"]
[SourceQuality "1"]

{[%evp 18,105,0,6,91,72,65,35,39,38,36,37,39,32,31,31,33,32,52,40,62,62,75,72,120,127,217,212,221,232,220,233,254,264,264,258,254,239,237,91,91,85,101,96,100,91,87,77,79,65,79,79,87,92,79,79,111,83,112,101,131,130,133,133,216,197,203,217,189,210,12816,287,10039,1456,12843,12843,12844,12844,12845,12845,12845,12845,12845,12846,12846,12847,12847,12847,12848,12848]} 1. e4 c5 2. Nf3 d6 3. Nc3 Nf6 4. e5 dxe5 5. Nxe5 Nbd7 6. d4 {B50: Sicilian: 2...d6, Miscellaneous} e6 7. Bb5 a6 8. Bxd7+ Nxd7 9. Qh5 g6 10. Qf3 {[%csl Ge5][%cal Rf3f7] LiveBook: 7 Games} Qf6 (10... f5 $11 {keeps the balance.}) 11. Qxf6 Nxf6 12. Bg5 Nd5 13. Nxd5 $40 {[%mdl 128] White attacks.} exd5 {[#]} 14. Bf6 $146 Rg8 15. O-O-O Be6 16. Rhe1 Rc8 17. dxc5 Rxc5 18. Nd3 Rc4 19. b3 Rc6 20. Kb1 Bd6 {[#]} 21. c4 $1 {[%cal Rc4d5]} Kd7 (21... d4 $16 22. Bxd4 Rc8) 22. cxd5 $18 Bxd5 23. Ne5+ Bxe5 24. Bxe5 Rc5 25. b4 Rb5 26. Bc3 Kc6 27. a4 Rb6 {[#]} 28. b5+ (28. Rd2 $1 $18) 28... axb5 $16 29. Ba5 Bc4 30. Bxb6 Kxb6 31. axb5 Kxb5 {[%mdl 4096] Endgame KRR-KRB} 32. Re7 b6 33. Kb2 Ra8 34. Kc3 Be6 35. Rc7 {Hoping for Rb1+.} Ra3+ 36. Kd4 Rb3 37. Rd2 Kb4 38. Rcc2 Ra3 39. Rb2+ Ka5 40. Ke5 b5 (40... Rc3 $16 41. Rd8 Rc5+ 42. Kd4 Rc4+ 43. Ke3 Rb4 44. Ra8+ Kb5 45. Rxb4+ Kxb4) 41. Rd8 $18 {aiming for Ra8+.} Bb3 42. Rd3 Ka4 43. Kd4 {Threatens to win with Kc5.} Bd5 $2 (43... Bc4 44. Rxa3+ Kxa3) 44. Rxa3+ Kxa3 45. Rxb5 {White is clearly winning.} Bxg2 {KR-KB} 46. Ra5+ Kb4 47. Ra7 h5 48. Rxf7 Bh3 49. Rb7+ Ka4 50. Ke5 Bf5 51. Kf6 Bd3 52. Rg7 Kb5 53. Rxg6 {Precision: White = 72%, Black = 39%.} 1-0